000 01153nas a2200337 4500
001 BR2013005959
003 BR-BrBNA
005 20231205122716.0
007 ta
008 230509b bl.|||p| |||| 00| 00por d
040 _aBR-BrBNA
_bpor
_cBiblioteca Nacional de Agricultura
041 _a(En)
072 _aF60
100 1 _aNery, F.C.
100 1 _aOliveira, H.M. de
100 1 _aAlvarenga, A.A. de
100 1 _aDousseau, S.
100 1 _aCastro, E.M. de
100 1 _aCampos, A.C.A.L.
245 1 _aInitial development and gas exchange of Talisia subalbens (Mart.)Radlk. under different shading conditions
246 1 _aInitial development and gas exchange of Talisia subalbens (Mart.)Radlk. under different shading conditions
650 _aCERRADO
650 _aVEGETAÇÃO
650 _aSOMBREAMENTO
650 _aFISIOLOGIA VEGETAL
650 _aCRESCIMENTO
773 0 _tRevista Árvore (Brazil)
_xISSN 0100-6762
_g(Jan-Feb 2011), v. 35(1) p. 61-67
_wBR2013005959
856 4 _uhttp://www.scielo.br/pdf/rarv/v35n1/07.pdf
_yRecurso eletrônico (PDF)
909 _a202311
_bLúcia
_c55
_dLúcia Elande
942 _2AGRIS
_n0
_cANA
999 _c230105
_d230105